Statistics for Homophones #3

Click here to take the quiz!

General Stats

  • This quiz has been taken 36,435 times
  • The average score is 21 of 32

Answer Stats

WordHomophone% Correct
MeatMeet
98%
ForFour
94%
ByBye
93%
PeakPeek
90%
PoorPour
89%
VainVein
87%
PraysPraise
85%
ByBuy
82%
PairPear
81%
VainVane
80%
RoadRode
80%
SentScent
79%
PairPare
78%
ForFore
77%
IdleIdol
77%
RainReign
75%
SentCent
74%
PraysPreys
73%
PoorPore
70%
YouEwe
63%
FreezeFrees
59%
RaiseRays
58%
RainRein
56%
RaiseRaze
54%
ErrsAirs
46%
MeatMete
45%
ErrsHeirs
35%
YouYew
32%
FreezeFrieze
30%
PeakPique
28%
RoadRowed
27%
IdleIdyll
15%

Score Distribution

Percentile by Number Answered

Percent of People with Each Score

Your Score History

You have not taken this quiz